Ciudades vascas - ¡Muerte súbita! - Estadísticas

Estadísticas generales
  • Esta prueba ha sido intentada 187 veces
  • La puntuación promedio es 9 de 15
Answers on the Grid
Answers color-coded by a green-red scale on the quiz's grid according to % correct below.
Donostia / San Sebastián
Miranda de Ebro
Béjar
Bordeaux
Baiona
Pamplona / Iruña
Jaca
Gijón / Xixón
Barakaldo
Vitoria-Gasteiz
Zaragoza
San Sebastián de los Reyes
Maule-Lextarre
L'Hospitalet de Llobregat
Laudio / Llodio
Tolosa
A Coruña
Castro-Urdiales
Cangas del Narcea
La Puebla de Arganzón / Argantzun
Somiedo
Donibane-Garazi
Haro
Logroño
Pradejón
Petilla de Aragón
Getxo
Sallent de Gállego
Santurtzi
Irun
Laguna de Duero
Estella-Lizarra
 
Estadísticas de respuestas
Respuesta % Correcto
Donostia / San Sebastián
99%
Barakaldo
86%
Vitoria-Gasteiz
85%
Irun
72%
Santurtzi
72%
Getxo
66%
Donibane-Garazi
64%
Laudio / Llodio
56%
Pamplona / Iruña
56%
Maule-Lextarre
55%
Baiona
54%
La Puebla de Arganzón / Argantzun
52%
Estella-Lizarra
49%
Tolosa
49%
Petilla de Aragón
12%
No se encontraron pruebas coincidentes
Distribución de puntuación
Porcentaje de gente con cada puntuación
Porcentaje por número respondido
Historial de tus puntuaciones
No has intentado esta prueba.